Szczegóły MARC21

Weiter leben : eine Jugend /

003 -Nazwa inst., której nr kontr. jest w polu 001 [,]
    • @
    • Nazwa instytucji, której n kontrolny jest w polu 001
    • NUKAT
005 -DATA I CZAS OSTATNIEJ MODYFIKACJI [,]
    • @
    • pole kontrolne
    • 20241231094858.0
040 -Instytucja sporządzająca opis [ , ]
    • a
    • Instytucja, która sporządziła opis (NP)
    • Ł U/BKG
    • c
    • Instytucja, która sporządziła rekord (NP)
    • Ł U/BKG
    • d
    • Instytucja, która zmodyfikowała rekord (P)
    • Ł U/AS
    • d
    • Instytucja, która zmodyfikowała rekord (P)
    • Ł U/KFs
942 -Rodzaj dokumentu [ , ]
    • c
    • Rodzaj dokumentu
    • Książka
100 -Hasło główne - nazwa osobowa [1, ]
    • a
    • Nazwa osobowa (NP)
    • Klüger, Ruth
    • d
    • Daty biograficzne (NP)
    • (1931- ).
    • 9
    • KHW
    • 265621
240 -Tytuł ujednolicony [1,0]
    • a
    • Tytuł ujednolicony
    • Weiter leben
    • l
    • Język tekstu
    • (niem.)
    • 9
    • KHW
    • 458108
245 -Strefa tytułu i oznaczenia odpowiedzialności [1,0]
    • a
    • Tytuł
    • Weiter leben : Find
    • b
    • Ciąg dalszy tytułu (NP)
    • eine Jugend / Find
    • c
    • Pozostałe elementy strefy tytułu i oznaczenia odpowiedzialności (NP)
    • Ruth Klüger.
260 -Strefa adresu wydawniczego [ , ]
    • a
    • Miejsce wydania (P)
    • [Wien] :
    • b
    • Nazwa wydawcy (P)
    • Echomedia Verlag,
    • c
    • Data wydania (P)
    • cop. 2008.
300 -Strefa opisu fizycznego [ , ]
    • a
    • Określenie formy książki i/lub objętość (NP)
    • 361 s. ;
    • c
    • Format (NP)
    • 19 cm.
336 -Typ zawartości [ , ]
    • a
    • Termin opisujący typ zawartości
    • Tekst
    • b
    • Kod określający zawartość
    • txt
    • 2
    • Źródło (terminu i kodu)
    • rdacontent
337 -Typ mediów [ , ]
    • a
    • Tryb odtwarzania
    • Bez urządzenia pośredniczącego
    • b
    • Kod typu mediów
    • n
    • 2
    • Źródło (terminu i kodu)
    • rdamedia
338 -Typ/rodzaj nośnika [ , ]
    • a
    • Hasło opisujące typ nośnika
    • Wolumin
    • b
    • Kod typu nośnika
    • nc
    • 2
    • Źródło (terminu i kodu)
    • rdacarrier
490 -Strefa serii i książki wielotomowej - forma nie do wyszukiwania [1, ]
    • a
    • Tytuł (P)
    • Eine Stadt : ein Buch Find
830 -Hasło dodatkowe serii i opisu książki wielotomowej - tytuł ujednolicony/tytuł [ ,0]
    • a
    • Tytuł ujednolicony/tytuł (NP)
    • Eine Stadt, Ein Buch
    • 9
    • KHW
    • 468305
600 -Hasło przedmiotowe w formie nazwy osobowej [1,7]
    • a
    • Nazwa osobowa
    • Klüger, Ruth
    • d
    • Daty związane z nazwą
    • (1931- )
    • v
    • Określnik formalny
    • pamiętniki.
    • 2
    • Źródło terminu
    • kaba
    • 9
    • KHW
    • 458183
650 -Hasło przedmiotowe [ ,7]
    • a
    • Hasło przedmiotowe
    • Holocaust
    • v
    • Określnik formalny
    • relacje osobiste.
    • 2
    • Źródło terminu
    • kaba
    • 9
    • KHW
    • 141040
650 -Hasło przedmiotowe [ ,7]
    • a
    • Hasło przedmiotowe
    • Żydzi
    • x
    • Określnik rzeczowy
    • prześladowania
    • z
    • Określnik geograficzny
    • Austria
    • z
    • Określnik geograficzny
    • Wiedeń
    • y
    • Określnik chronologiczny
    • 1900-1945
    • v
    • Określnik formalny
    • relacje osobiste.
    • 2
    • Źródło terminu
    • kaba
    • 9
    • KHW
    • 458182
651 -Hasło przedmiotowe w formie nazwy geograficznej [ ,7]
    • a
    • Nazwa geograficzna
    • Birkenau (Polska ; obóz koncentracyjny)
    • v
    • Określnik formalny
    • relacje osobiste.
    • 2
    • Źródło terminu
    • kaba
    • 9
    • KHW
    • 354753
Data inwentaryzacji Lokalizacja Numer inwentarzowy Status udost. Sygnatura
2018-07-17BMBC.10366-3Germ. Dzienniki i pamiętniki